| 000 | 00448nam a2200121Ia 4500 | ||
|---|---|---|---|
| 008 | 200626s9999 xx 000 0 und d | ||
| 020 | _a978-621-04-0203-2 | ||
| 100 | _aEstrada, Joseph Noel M. | ||
| 245 |
_cJoseph Noel M. Estrada.-- _aThe education act: _bA compendium of philippine education law, jurisprudence, practices, policies & regulations:/ |
||
| 260 |
_aManila: _bRex Book Store _c2019 |
||
| 300 | _alii, 968 pages | ||
| 500 | _aIncludes Index | ||
| 999 |
_c363917 _d363917 |
||